00870nam a2200205Ia 4500999001500000020001800015082001800033100002500051245004700076260004200123300001400165504004100179650004300220650004800263650004800311650002700359650005000386942000700436952022100443 c2096d2096 a81-7054-230-6 a371.822 AVA-; aAvasthi, Surya Kiran 0aMuslim chhattraye evam shaikshik suvidhaye aNew DelhibClassical Publishingc1996 avi, 231p. aincludes bibliography and appendices aMuslim girls - Bhopal (Madhya Pradesh) aSchool facilities - Bhopal (Madhya Pradesh) aIslamic education - Bhopal (Madhya Pradesh) aEducational facilities aEducation and state - Bhopal (Madhya Pradesh) cBK 00102ddc40708Hindi BooksaNASSDOCbNASSDOCd2004-10-08i2008-12-30l0o371.822 AVA-;p36173r2019-04-18 00:00:00w2019-04-18yBKzहिंदी पुस्तकों पर विशेष संग्रह